000 01491nam0a2200373 i 4500
001 RU\NLR\bibl\2083710
005 20240921152246.0
010 _a9785851176999
_9100
021 _aRU
_b2013-73332
_95026
035 _a(nilc)RuMoRGB-006666271
035 _a(NLR Aleph) 002073905
090 _a4784101
_c4784101
100 _a20131026d2013 um y0rusy50 ca
101 0 _arus
102 _aRU
105 _aa|||e||||||||
200 1 _aСловарь ремесленно-промысловой лексики говоров Кузбасса
_f[авт.-сост.: Н.А. Баланчик]
210 _aНовокузнецк
_cредакционно-издательский отдел КузГПА
_d2013
215 _a219 с.
_cил.
_d21
320 _aТемат. указ.: с. 181-199
606 1 _aРусский язык
_xДиалекты
_yКемеровская область
_91531808
_3RU\NLR\AUTH\66968466
606 1 _aРусский язык
_xДиалектные словари
_91575506
_3RU\NLR\AUTH\66990203
610 0 _aрусские говоры Кузбасса
686 1 _aШ141.12-451
686 1 _aШ141.12-518
702 1 _aБаланчик
_bН. А.
_gНиколай Андреевич
_4220
801 0 _aRU
_bRuMoRKP
_c20130912
_gRCR
801 2 _aRU
_bРГБ
_c20131001
_grcr
801 1 _aRU
_bRuMoRKP
_c20130912
_2rusmarc
801 2 _aRU
_bNLR
_c20131018
_grcr
942 _cBOOK
980 _aNBR